00657 a2200157 45000010006000000050017000060080041000230030015000640400040000790800022001192450037001412640054001783000018002325050227002501000022004775797020260407155839.0260407a1986 arg spa dAR-UNSa-BCEJYS aAR-UNSa-BCEJYSbspacAR-UNSa-BCEJYS a321.7xDemocracia10aDescentralización y democracia 1aBuenos Aires :bFundación Friedrich Ebertc1986 a31 p.c21 cm. a1. ¿Qué entendemos por concentración y centralización? – 2. ¿Por qué descentralización en Argentina? – 3. Participación como complemento necesario de la descentralización – 4. Consideraciones finales 1 aRofman, Alejandro